000 00343nam a2200145Ia 4500
008 230917s9999||||xx |||||||||||||| ||und||
040 _e97244
_aMAIN
041 _aEnglish
082 _a954.5 F272A
100 _aFauja Singh
245 0 _aAfter Ranjit Singh
260 _aNew Delhi
_bMaster Publ
_c1982
300 _avi,352 p.
942 _cBK
999 _c227132
_d227132